LEADER 01089nam a2200265 i 4500 001 000000214739 003 CaOOAMICUS 005 20151216000000.0 008 151216s1964 it u000 u ita u 013 $a193610 040 $aSeMil$bita 100 1 $aMassa, Pietro.$0(OLS)http://semarc/name/76358 245 10$aCina di ieri :$bmemorie e vicende di 33 anni di vita missionaria /$cPietro Massa. 260 $aGenova :$bStringa,$c1964. 260 $aMilano :$bMassimo,$c1964. 300 $a146 p. ;$c20 cm. 490 0 $aInchieste ;$vN.5 650 4$aCina - Missioni.$0(OLS)http://semarc/subject/12908 830 0$aInchieste [Massimo] ;$vN.5.$0(OLS)http://semarc/title/7340 850 $aSeMil 852 $aSeMil$W1$xVenegono$y1$m3G I 369$j165160$B165160$CSeMilBibl$Z2$F208924 $81 961 $aLascito: Milani don Felice 996 $6245$aCina di ieri :$bmemorie e vicende di 33 anni di vita missionaria$9(OLS)http://semarc/title/309362 996 $6260$aMilano :$bMassimo$9(OLS)http://semarc/publisher/30297 996 $6260$aGenova :$bStringa$9(OLS)http://semarc/publisher/30291 LEADER 00975nam a2200193 i 4500 001 000000234498 003 CaOOAMICUS 005 20141015000000.0 008 141015s1748 it u000 u fre u 013 $a213401 026 $ae-t. lee, ret. mede (3) 1748 (R) 040 $aSeMil$bita 245 10$aTome 1. Qui renferme les trois premiers siécles, avec la plus grande partie du quatrieme. 300 $aXXIV, 573, [1], 137, [1] p. 500 $aSegn. : a12 A-Z12 2A12 (-2A12) a-e12 f6 g4 (-g4). 773 0 $aRacine, Bonaventure$tAbrégé de l'histoire ecclésiastique, contenant les événemens considérables de chaque siécle avec des reflexions. Tome 1.[-15.].$dA Utrecht : Aux dépens de la Compagnie, 1748-1762.$g1$w()30712 850 $aSeMil 852 $aSeMil$W1$xVenegono$y1$m3A II 61 FA$j184844$B184844$CSeMilBibl$Z2$F195804 $8I 996 $6245$aTome 1. Qui renferme les trois premiers siécles, avec la plus grande partie du quatrieme$9(OLS)http://semarc/title/334653